Color in contemporary painting /

Bibliographic Details
Main Author: Le Clair, Charles
Format: Book
Language:English
Published: New York : Watson-Guptill Publications, [1991]
Subjects:

MARC

Tag First Indicator Second Indicator Subfields
LEADER 00000cam a2200000 a 4500
001 in00001027310
005 20150928121502.0
008 901107s1991 nyua 001 0 eng
010 |a  90023573  
020 |a 0823007383 :  |c $32.50 
035 |a (OCoLC)22763449 
035 |9 AFG0210AM 
040 |a DLC  |c DLC  |d TXA  |d UtOrBLW 
049 |a TXAM 
050 0 0 |a ND1489  |b .L4 1991 
082 0 0 |a 752  |2 20 
100 1 |a Le Clair, Charles. 
245 1 0 |a Color in contemporary painting /  |c Charles Le Clair. 
264 1 |a New York :  |b Watson-Guptill Publications,  |c [1991] 
264 4 |c ©1991 
300 |a 224 pages :  |b color illustrations ;  |c 29 cm. 
336 |a text  |b txt  |2 rdacontent 
337 |a unmediated  |b n  |2 rdamedia 
338 |a volume  |b nc  |2 rdacarrier 
500 |a Includes index. 
650 0 |a Color in art. 
650 0 |a Painting, Modern  |y 20th century. 
999 |a MARS 
999 f f |s 9c644b5d-ce60-33f9-b39a-d7b5fcad9d76  |i 8a4c0a1a-b293-3af0-bcfc-ecb8d717ad7f  |t 0 
952 f f |p normal  |a Texas A&M University  |b College Station  |c Sterling C. Evans Library  |d Evans: Library Stacks  |t 0  |e ND1489 .L4 1991  |h Library of Congress classification  |i unmediated -- volume  |m A14815277651 
998 f f |a ND1489 .L4 1991  |t 0  |l Evans: Library Stacks